000 00621nam a2200217Ia 4500
005 20220816104121.0
008 210716s2010 xx 000 0 und d
020 _a9780584889298
040 _cAIMIT LIBRARY
041 _aeng
082 _a574.80285
_21
_bBASS
100 _aBassi, Sebastian.
_954781
245 _aPython for bioinformatics /
_cBy Sebastian Bassi.
250 _a1st ed.
260 _aNew York :
_bCRC Press ,
_c2010.
300 _axxv, 584p. ;
_c23 cm.
650 _aProgramming
_954782
650 _aBiopython
_954783
650 _aAdvanced topics
_954784
942 _2ddc
_cBK
_e1st
_k574.80285 BASS
999 _c190213
_d190213